Sports Quiz

Random Sports or Auto Racing Quiz

Michael Schumacher Defeators Quiz Stats

 Plays Quiz not verified by Sporcle

Challenge
Share
Tweet
Embed
Score 0/43 Timer 02:00
0 Plays Today
Grand Prix Driver % Correct
San Marino 2005Fernando Alonso
96.3%
Bahrain 2006Fernando Alonso
96.3%
Spain 2006Fernando Alonso
96.3%
Great Britain 2006Fernando Alonso
96.3%
Canada 2006Fernando Alonso
96.3%
Luxembourg 1998Mika Häkkinen
96.2%
Brazil 1999Mika Häkkinen
96.2%
Japan 1999Mika Häkkinen
96.2%
Hungary 2000Mika Häkkinen
96.2%
Belgium 2000Mika Häkkinen
96.2%
Great Britain 2001Mika Häkkinen
95.9%
United States 2001Mika Häkkinen
95.9%
Great Britain 1993Alain Prost
95%
Germany 1993Alain Prost
95%
San Marino 1993Alain Prost
94.9%
Canada 1993Alain Prost
94.9%
Brazil 2001David Coulthard
94.1%
Austria 2001David Coulthard
94.1%
San Marino 1998David Coulthard
94%
Monaco 2002David Coulthard
93.9%
Portugal 1995David Coulthard
93.7%
Australia 1997David Coulthard
93.7%
Grand Prix Driver % Correct
Europe 2002Rubens Barrichello
92.8%
Hungary 2002Rubens Barrichello
92.8%
Italy 2002Rubens Barrichello
92.8%
United States 2002Rubens Barrichello
92.8%
Italy 2004Rubens Barrichello
92.8%
Spain 1994Damon Hill
92.1%
Japan 1994Damon Hill
92.1%
Japan 1996Damon Hill
92.1%
Spain 1992Nigel Mansell
92%
Belgium 1993Damon Hill
92%
San Marino 1996Damon Hill
92%
Belgium 2004Kimi Räikkönen
90.1%
Canada 2005Kimi Räikkönen
90.1%
Hungary 2005Kimi Räikkönen
90.1%
Malaysia 1999Eddie Irvine
87.7%
Europe 1996Jacques Villeneuve
85.3%
San Marino 1997Heinz-Harald Frentzen
80.6%
Canada 1992Gerhard Berger
78.5%
Germany 1997Gerhard Berger
78.5%
Australia 1992Gerhard Berger
78.4%
Canada 2001Ralf Schumacher
75.3%

You're not logged in!

Compare scores with friends on all Sporcle quizzes.
Join for Free
OR
Log In

You Might Also Like...

Show Comments

Extras

Top Quizzes Today


Score Distribution

Your Account Isn't Verified!

In order to create a playlist on Sporcle, you need to verify the email address you used during registration. Go to your Sporcle Settings to finish the process.

Report this User

Report this user for behavior that violates our Community Guidelines.

Details: